Frank Herbert Bibliography - Statistics

General Stats
  • This quiz has been taken 4 times
  • The average score is 5 of 126
Answer Stats
Type Year Name % Correct
Novel 1965 Dune
100%
Audiobook 1979 Dune: The Banquet Scene
100%
Novel 1985 Chapterhouse: Dune
67%
Novel 1969 Dune Messiah
67%
Novel 1976 Children of Dune
33%
Novel 1965 Destination: Void
33%
Novel 1981 God Emperor of Dune
33%
Novel 1984 Heretics of Dune
33%
Essay 1987 2068 A.D.
0%
Essay 1987 About Frank Herbert: Country Boy
0%
Novel 2013 A Game of Authors
0%
Short Story 1958 A Matter of Traces
0%
Novel 2013 Angels' Fall
0%
Essay 1987 An Understanding of Consequences: Natural Man, Natural Predator
0%
Novel 2014 A Thorn in the Bush
0%
Short Story 1961 A-W-F Unlimited
0%
Short Story 1966 By the Book
0%
Poem 1971 Carthage: Reflections of a Martian
0%
Short Story 1956 Cease Fire
0%
Short Story 1978 Come to the Party
0%
Short Story 1965 Committee of the Whole
0%
Essay 1987 Conversations in Port Townsend
0%
Essay 1973 Crisis, Anyone? Listening to the Left Hand
0%
Novella 1980 Direct Descent
0%
Short Story 1965 Do I Wake or Dream?
0%
Essay 1987 Doll Factory, Gun Factory
0%
Essay 1987 Do Not Fold, Spindle, or Mutilate: The Tillers
0%
Essay 1980 Dude Genesis
0%
Short Story 1960 Egg and Ashes
0%
Short Story 1973 Encounter in a Lonely Place
0%
Short Story 1966 Escape Felicity
0%
Short Story Collection 1985 Eye
0%
Short Story 1979 Feathered Pigs
0%
Article 1963 Flying Saucers: Fact or Farce?
0%
Essay 1987 Flying Saucers: Fact or Farce?
0%
Short Story 1979 Frogs and Scientists
0%
Short Story 1973 Gambling Device
0%
Short Story 1965 Greenslaves
0%
Novel 1973 Hellstrom's Hive
0%
Novel 2012 High-Opp
0%
Interview Collection 1973 Interviews with Frank Herbert
0%
Essay 1973 Introduction: Tomorrow's Alternatives?
0%
Essay 1973 Introduction to Saving Worlds
0%
Essay 1973 Introduction to Tomorrow and Tomorrow and Tomorrow
0%
Short Story 1952 Looking for Something?
0%
Article 1968 Lying to Ourselves About Air
0%
Essay 1987 Lying to Ourselves About Air
0%
Novel 1986 Man of Two Worlds
0%
Essay 1987 Man's Future in Space
0%
Short Story 1961 Mating Call
0%
Essay 1987 Men on Other Planets
0%
Short Story 1962 Mindfield
0%
Short Story 1959 Missing Link
0%
Short Story 1970 Murder Will In
0%
Article 1977 New Lifestyle to Fit a World of Shortages
0%
Non-Fiction Book 1970 New World or No World
0%
Essay 1987 New World or No World
0%
Short Story 1955 Occupation Force
0%
Short Story 1958 Old Rambling House
0%
Essay 1987 On Writing: Introduction to Nebula Winners Fifteen
0%
Short Story 1959 Operation Haystack
0%
Short Story 1954 Operation Syndrome
0%
Article 1976 Overview
0%
Short Story 1954 Packrat Planet
0%
Short Story 1973 Passage for Piano
0%
Essay 1987 Poetry
0%
Essay 1987 Possible Futures: Undersea Riches for Everybody
0%
Short Story 1972 Project 40
0%
Short Story 1955 Rat Race
0%
Audiobook 1978 Sandworms of Dune
0%
Essay 1987 Sandworms of Dune
0%
Essay 1974 Science Fiction and a World in Crisis
0%
Short Story 1970 Seed Stock
0%
Essay 1987 Ships
0%
Short Story 1979 Songs of a Sentient Flute
0%
Novel 1972 Soul Catcher
0%
Short Story 1945 Survival of the Cunning
0%
Novel 1988 The Ascension Factor
0%
Audiobook 1979 The Battles of Dune
0%
Short Story Collection 1975 The Best of Frank Herbert
0%
Short Story Collection 1973 The Book of Frank Herbert
0%
Essay 1987 The Campbell Correspondence
0%
Short Story Collection 2014 The Collected Stories of Frank Herbert
0%
Essay 1977 The ConSentiency and How It Got That Way
0%
Short Story 2014 The Daddy Box
0%
Short Story 1973 The Death of a City
0%
Novel 1977 The Dosadi Experiment
0%
Novel 1956 The Dragon in the Sea
0%
Novel 1966 The Eyes of Heisenberg
0%
Short Story 1967 The Featherbedders
0%
Short Story 1965 The GM Effect
0%
Novel 1972 The Godmakers
0%
Short Story 1954 The Gone Dogs
0%
Novel 1966 The Green Brain
0%
Novel 1968 The Heaven Makers
0%
Non-Fiction Book 1981 The Home Computer Handbook
0%
Novel 1979 The Jesus Incident
0%
Short Story 1946 The Jonah and the Jap
0%
Novel 1983 The Lazarus Effect
0%
Essay Collection 1987 The Maker of Dune: Insights of a Master of Science Fiction
0%
Short Story 1964 The Mary Celeste Move
0%
Short Story 1969 The Mind Bomb
0%
Short Story 1956 The Nothing
0%
Essay 1987 The Origins of Dune: Dangers of the Superhero
0%
Interview 1981 The Plowboy Interview with Frank Herbert
0%
Short Story 1960 The Priests of Psi
0%
Short Story Collection 1980 The Priests of Psi
0%
Short Story 1966 The Primitives
0%
Short Story 1985 The Road to Dune
0%
Novel 1968 The Santaroga Barrier
0%
Essay 1977 The Sky Is Going to Fall
0%
Essay 1987 The Sparks Have Flown
0%
Novella 1964 The Tactful Saboteur
0%
Audiobook 1979 The Truths of Dune "Fear Is the Mindkiller"
0%
Novel 1982 The White Plague
0%
Interview 1969 The Willis E. McNelly Interview with Frank Herbert
0%
Short Story Collection 1970 The Worlds of Frank Herbert
0%
Non-Fiction Book 1973 Threshold: The Blue Angels Experience
0%
Short Story 1961 Try to Remember
0%
Article 1968 We're Losing the Smog War
0%
Essay 1987 We're Losing the Smog War
0%
Novel 1970 Whipping Star
0%
Non-Fiction Book 1981 Without Me, You're Nothing: The Essential Guide to Home Computers
0%
Short Story 1947 Yellow Fire
0%
Essay 1987 You Can Go Home Again
0%
Short Story 1958 You Take the High Road
0%
No matching quizzes found
Score Distribution
Percent of People with Each Score
Percentile by Number Answered
Your Score History
You have not taken this quiz